000 00540cam a2200217ua 4500
001 8315
005 20260515114323.0
008 150128n ii |||gr||||Z||||||asm
020 _a9788173394270
040 _cMAIN
041 _aasm
082 _a491.451
100 _aBarman, S.,
_eAuthor.
245 1 _aAsamiya akhar jotanir katha
_cBy Sivanath Barman
250 _a4th.
260 _aGuwahati:
_bBanalata,
_c2010.
300 _a163p.
653 _aEast Indo-European & Celtic languages
653 _aAssamese language
942 _cBK
999 _c7422
_d7422